Surveillance and the Political Value of Privacy

The steady expansion in the use of surveillance technologies by the state and private sector represents a substantial threat to the privacy of ordinary individuals. Yet despite the best efforts of civil libertarians, many members of the public still struggle to understand why privacy is valuable and...

Full description

Saved in:  
Bibliographic Details
Main Author: Goold, Benjamin J. (Author)
Format: Electronic Book
Language:English
Published: 2009
In:Year: 2009
Online Access: Volltext (kostenfrei)
Check availability: HBZ Gateway

MARC

LEADER 00000cam a22000002c 4500
001 186611588X
003 DE-627
005 20250124054854.0
007 cr uuu---uuuuu
008 231018s2009 xx |||||o 00| ||eng c
035 |a (DE-627)186611588X 
035 |a (DE-599)KXP186611588X 
040 |a DE-627  |b ger  |c DE-627  |e rda 
041 |a eng 
084 |a 2,1  |2 ssgn 
100 1 |a Goold, Benjamin J.  |e VerfasserIn  |4 aut 
245 1 0 |a Surveillance and the Political Value of Privacy 
264 1 |c 2009 
336 |a Text  |b txt  |2 rdacontent 
337 |a Computermedien  |b c  |2 rdamedia 
338 |a Online-Ressource  |b cr  |2 rdacarrier 
520 |a The steady expansion in the use of surveillance technologies by the state and private sector represents a substantial threat to the privacy of ordinary individuals. Yet despite the best efforts of civil libertarians, many members of the public still struggle to understand why privacy is valuable and deserves to be protected as a basic right. In part, this is a result of the inherent complexity of the idea of privacy, but it is also due a tendency on the part of privacy advocates to focus on the individual - as opposed to the social and political dimensions - of privacy. In order to ensure that there is a greater level of public engagement with matters of privacy and sufficient awareness of the dangers of intrusive surveillance, more must be done to ensure that the general public appreciates that privacy is not just essential for individual freedom, but also for the health of society as a whole 
856 4 0 |u https://core.ac.uk/download/228421668.pdf  |x Verlag  |z kostenfrei  |3 Volltext  |7 0 
935 |a mkri 
951 |a BO 
ELC |a 1 
LOK |0 000 xxxxxcx a22 zn 4500 
LOK |0 001 4391796643 
LOK |0 003 DE-627 
LOK |0 004 186611588X 
LOK |0 005 20231018043624 
LOK |0 008 231018||||||||||||||||ger||||||| 
LOK |0 035   |a (DE-2619)CORE39927683 
LOK |0 040   |a DE-2619  |c DE-627  |d DE-2619 
LOK |0 092   |o n 
LOK |0 852   |a DE-2619 
LOK |0 852 1  |9 00 
LOK |0 935   |a core 
LOK |0 939   |a 18-10-23  |b l01 
OAS |a 1 
ORI |a SA-MARC-krimdoka001.raw